000 00675nam a2200253Ia 4500
003 OSt
005 20221006143724.0
006 a|||||r|||| 00| 0
007 ta
008 221006b |||||||| |||| 00| 0 eng d
020 _c
_5.00
024 _a9,773
037 _cTextual
040 _aEASL
_cEASL
_beng
041 _2eng
_aeng
082 _aX8(A).41.N3, G1
100 _aFONG H D
_9347639
245 0 _aChina's industrialization
_b A statistical survey
260 _aShanghai
_bChina Institute of Pacific Relations
_c1931
300 _a46p.
_ccm.
490 _v CEL
942 _hX8(A).41.N3, G1
_cTEXL
_2CC
999 _c1077859
_d1077859